01673 a2200229 45000010003000000050017000030080041000200030015000610400040000760800056001162450073001720200022002452500012002672640053002793000024003325050881003561000022012377000021012597000037012807000032013178560094013498920260407155408.0260407a1996 arg spa dAR-UNSa-BCEJYS aAR-UNSa-BCEJYSbspacAR-UNSa-BCEJYS a519.2xProbabilidades y estadística matemática 10aEstadística básica en administraciónpconceptos y aplicaciones a978-968-880-784-2 a6a. ed. 1aMéxico :bPrentice-Hall Hispanoamericanac1996 axxv, 943 p.c27 cm. a1. Introducción - 2. Recolección de datos - 3. Presentación de datos numéricos en tablas y diagramas - 4. Resumen y descripción de los datos numéricos - 5. Presentación de datos categóricos en tablas y diagramas - 6. Probabilidad básica - 7. Algunas distribuciones importantes de probabilidad discretas - 8. La distribución normal - 9. Distribuciones de muestreo - 10. Estimación - 11. Fundamentos de la prueba de hipótesis - 12. Prueba de una muestra con datos numéricos - 13. Pruebas de dos muestras con datos numéricos - 14. ANOVA y otras pruebas de c muestras con datos numéricos - 15. Prueba de hipótesis con datos categóricos - 16. Aplicaciones estadísticas en administración de la calidad y productividad - 17. Regresión lineal simple y correlación - 18. Modelos de regresión múltiple - 19. Pronóstico de series de tiempo1 aBerenson, Mark L.1 aLevine, David M.1 aDomínguez R., Ariadne Catalina1 aFlores Samaniego, A. Homero41uhttps://www.biblioeco.unsa.edu.ar/pmb/images/libros/89.jpgyImagen de portadaqimage/jpeg